000 00377nam a2200145 i 4500
001 25588
003 ES-MaACL
005 20230906153310.0
007 t|
008 021227s1875 fr ||||1| fre d
245 0 4 _aLes armées française et etrangeres en 1874.
260 _aParis :
_b[s.n.,
_c1875] (
_fImp. Lahure)
300 _a370 p. ;
_c19 cm.
852 _aES-MaACL
_jD-2346
999 _c25588
_d25588